000 00851nam a22002297a 4500
005 20240530110902.0
008 220214s2003 ua g 000 0 ara d
017 _bمصر. دار الكتب
040 _aEG-CaGPL
_cEG-CaGPL
082 0 4 _221
_a320.54/
_bك ا
100 0 _aكمال عبداللطيف
245 1 0 _aاسئلة النهضة العربية :
_bالتاريخ - الحداثة - التواصل /
_cكمال عبداللطيف
250 _aط. 1
260 _aبيروت :
_bمركز دراسات الوحدة العربية،
_c2003
300 _a240 ص. ؛
_c24 سم
650 0 7 _2qrmak
_aالثقافة العربية
650 0 7 _2qrmak
_aالديمقراطية
650 0 7 _2qrmak
_aالعلمانية
651 0 7 _2qrmak
_aالبلدان العربية
942 _2ddc
_cBK
999 _c66140
_d66140